| 000 | 00453nam a2200169Ia 4500 | ||
|---|---|---|---|
| 003 | OSt | ||
| 005 | 20260306110559.0 | ||
| 008 | 211028s2009 xx 000 0 und d | ||
| 040 | _cAIMIT LIBRARY | ||
| 041 | _aeng | ||
| 100 |
_aUchil, Gagan Raj V; Kumar, Rakesh. _g60471420 _92970 |
||
| 110 |
_aSanthosh Rebello. _92971 |
||
| 245 | _aHelp desk system / | ||
| 260 |
_aMangalore _c2009 |
||
| 710 |
_aCosmonet Solutions Pvt Ltd _92972 |
||
| 942 |
_2ddc _cPRO |
||
| 999 |
_c217075 _d217075 |
||